Audiencia del papa

Síntesis: El documento contiene un relato sobre la audiencia que sostuvieron con el Papa, (el relato no dice quiénes fueron los que estuvieron en la audiencia) en donde le presentaron un informe sobre los acontecimeintos en México.

Uloženo v:
Podrobná bibliografie
Médium: Kniha
Edice:1926/oct/18
Témata:
Tagy: Přidat tag
Žádné tagy, Buďte první, kdo vytvoří štítek k tomuto záznamu!

MARC

LEADER 00000nam^a2200000^a^4500
001 000249700
005 20250526000000.0
009 20260526133134.612
035 |a R00569 
037 |a Acervo Xavier Clavigero 
082 |a 10. 1  |b ANO V. LIBRO 1 37/148 
245 1 0 |a Audiencia del papa 
264 |a s/l. Otros lugares: Zamora, Mich. Chalchihuites, Zac. Méxic- :  |b Sin destinatario 
300 |a 2 fojas, mcs/cop., 21.3 x 28 cm. 
336 |a texto  |b txt  |2 rdacontenido 
337 |a sin mediación  |b n  |2 rdamedio 
338 |a volumen  |b nc  |2 rdasoporte 
440 |a 1926/oct/18 
520 |a Síntesis: El documento contiene un relato sobre la audiencia que sostuvieron con el Papa, (el relato no dice quiénes fueron los que estuvieron en la audiencia) en donde le presentaron un informe sobre los acontecimeintos en México. 
598 |a Documento 
649 |a XX 
650 |a Iglesia Católica -  |x Historia -  |y Papa, 1922-1939 (San Pío XI) -  |x Tema Principal 
650 |a * Duca, Borgongino 
650 |a * Cerretti Buenaventura 
650 |a * Canseco 
650 |a Gasparri, Pedro 
910 |a Fondo Jesús Gómez Fregoso S.J. FXC 
920 |a Impresos - Documentos 
930 |a Libros Antiguos y Raros 
940 |a Guerra Cristera 
905 |a 110 
901 |a R00569  |b IT2  |c LRA  |i R00569  |u 20250526 
902 |a https://opac.biblio.iteso.mx/vufind/Record/000249700